Sports Quiz

Random Sports or NFL Quiz

Who are the Stats Leaders this year in each category 20 Quiz Stats

 Plays Quiz not verified by Sporcle

Challenge
Share
Tweet
Embed
Score 0/6 Timer 07:00
0 Plays Today
Hint Answer % Correct
Rushing Yards 1,354Demarco Murray
89.7%
QB 3,641 pass yardsAndrew Luck
82.1%
Receiving Yards 1,192Demaryious Thomas
53.8%
Tackles 116Kuechly
53.8%
Sacks 13.0Justin Houston
48.7%
Interceptions 6Tashaun Gibson
28.2%

You're not logged in!

Compare scores with friends on all Sporcle quizzes.
Join for Free
OR
Log In

You Might Also Like...

Show Comments

Extras

Top Quizzes Today


Score Distribution

Your Account Isn't Verified!

In order to create a playlist on Sporcle, you need to verify the email address you used during registration. Go to your Sporcle Settings to finish the process.

Report this User

Report this user for behavior that violates our Community Guidelines.

Details: